00688nam a2200169 a 4500008004100000050001600041100001800057245004100075246007700116260004400193300002400237350000900261700001900270995008800289999001700377952012400394120416s1970 ||||||||||||||||| || u aLB 2322 Fol aBayer, Alan E10aHuman resources and higher education astaff report of the commission on human resources and advanced education aNew YorkbRussell Sage Foundationc1970 axxxii, 473p. : ill. a0.00 aFolger, John K D0.00FCBU-MAIN LIBRARY (Kitwe)H1I17.50M1UAVAILABLEZAnnex Low-Usage Collection  c45950d45950 00102lcc4070a001b001cAnnex Low-Usage Collection d2022-11-30l0oLB 2322 Folp009158r2022-11-30w2022-11-30y002